Sports Quiz

Random Sports or Football Quiz

1 State, 4+ FBS Schools Quiz Stats

 Plays Quiz Updated Sep 3, 2018

Challenge
Share
Tweet
Embed
Score 0/72 Timer 07:00
23 Plays Today
state school % Correct
GeorgiaGeorgia
97.8%
IndianaIndiana
95.6%
AlabamaAlabama
94.8%
TennesseeTennessee
94.1%
GeorgiaGeorgia Tech
93.7%
MichiganMichigan
93.4%
MichiganMichigan State
92.7%
VirginiaVirginia
92.7%
FloridaFlorida
92.3%
North CarolinaNorth Carolina
92.1%
TexasTexas
92%
OhioOhio
91.6%
LouisianaLSU
91.6%
FloridaFlorida State
91.3%
VirginiaVirginia Tech
90.6%
OhioOhio State
90.6%
AlabamaAuburn
90.1%
CaliforniaUCLA
89.4%
CaliforniaCalifornia
89.2%
CaliforniaUSC
88.8%
FloridaUniv. of Miami
88.1%
OhioMiami Univ.
88.1%
TexasTexas A&M
86.1%
North CarolinaNorth Carolina State
86%
TexasTexas Tech
85.7%
North CarolinaDuke
85.2%
IndianaNotre Dame
84.2%
CaliforniaStanford
80.9%
IndianaPurdue
80.4%
TennesseeVanderbilt
79.5%
TexasBaylor
77.4%
FloridaUCF
75.6%
MichiganWestern Michigan
75.5%
TexasTCU
74.4%
MichiganEastern Michigan
73.4%
FloridaSouth Florida
72.8%
state school % Correct
TexasHouston
72.6%
GeorgiaGeorgia State
71%
TennesseeMemphis
70.4%
MichiganCentral Michigan
70.3%
North CarolinaWake Forest
70%
CaliforniaSan Diego State
67.3%
LouisianaTulane
63%
LouisianaLouisiana Tech
61.9%
GeorgiaGeorgia Southern
61.8%
TexasSouthern Methodist
58.8%
TexasUTEP
58.4%
OhioCincinnati
58%
AlabamaUniversity of Alabama-Birmingham
56.5%
OhioToledo
55.5%
LouisianaLouisiana-Lafayette
55.5%
FloridaFlorida International
55.4%
CaliforniaFresno State
55.3%
OhioAkron
55.3%
FloridaFlorida Atlantic
55.1%
TexasTexas State
53.8%
TexasRice
53.6%
TennesseeMiddle Tennessee State
52.9%
CaliforniaSan Jose State
52.6%
LouisianaLouisiana-Monroe
52.3%
OhioBowling Green
52.3%
North CarolinaEast Carolina
52.1%
TexasNorth Texas
50.2%
IndianaBall State
49.9%
TexasUTSA
46.7%
AlabamaTroy
46.4%
AlabamaSouth Alabama
44.6%
VirginiaOld Dominion
42.1%
OhioKent State
41.2%
North CarolinaCharlotte
37.9%
VirginiaLiberty
34.2%
North CarolinaAppalachian State
30.7%

You're not logged in!

Compare scores with friends on all Sporcle quizzes.
OR
Log In

You Might Also Like...

Show Comments

Extras

Top Quizzes Today


Score Distribution

Your Account Isn't Verified!

In order to create a playlist on Sporcle, you need to verify the email address you used during registration. Go to your Sporcle Settings to finish the process.

Report this User

Report this user for behavior that violates our Community Guidelines.

Details: